[Event "Madrid-ch Previa B"]
[Site "Madrid"]
[Date "2023.02.24"]
[Round "8.19"]
[White "Torres Rebolledo, Marcos"]
[Black "Martinez Manrique, Jaime Rodrigo"]
[Result "0-1"]
[WhiteElo "1575"]
[BlackElo "1373"]
[PlyCount "92"]
[EventDate "2023.02.02"]
[EventType "swiss"]
[EventRounds "9"]
[EventCountry "ESP"]
[SourceTitle "EXT 2024"]
[Source "ChessBase"]
[SourceDate "2023.10.10"]
[SourceVersion "1"]
[SourceVersionDate "2023.10.10"]
[SourceQuality "1"]

1. d4 Nf6 2. c4 g6 3. Nc3 Bg7 4. e4 d6 5. Be2 0-0 6. Bg5 Na6 7. Qd2 e5 8. d5 Nc5 9. f3 a5 10. g4 c6 11. Nh3 Bd7 12. Nf2 cxd5 13. Nxd5 Ne6 14. Be3 Nxd5 15. cxd5 Nc5 16. h4 b6 17. h5 Qe7 18. hxg6 fxg6 19. Bg5 Qf7 20. 0-0-0 Ba4 21. Rdg1 Bb3 22. Kb1 a4 23. a3 b5 24. Rh3 Bc4 25. Bxc4 bxc4 26. Rgh1 Nb3 27. Qe3 Bh8 28. Nd1 Ra7 29. Qe2 Rc8 30. Nc3 Nd4 31. Qf2 Rb8 32. Be3 Rb3 33. Ka2 Qb7 34. Nb1 c3 35. bxc3 Rxa3+ 36. Nxa3 Qb3+ 37. Ka1 Qxa3+ 38. Qa2 Nc2+ 39. Kb1 Rb7+ 40. Kxc2 Qxa2+ 41. Kd3 Qb3 42. Bc1 Qb5+ 43. Kd2 Qc4 44. R3h2 a3 45. Bxa3 Qa2+ 46. Ke3 Qxa3 0-1

[Event "ESP-ch U14"]
[Site "Salobrena"]
[Date "2022.07.21"]
[Round "6"]
[White "Oubina Pazos, Cesar"]
[Black "Martinez Manrique, Jaime Rodrigo"]
[Result "1-0"]
[WhiteElo "1668"]
[BlackElo "1449"]
[PlyCount "69"]
[EventDate "2022.07.18"]
[EventType "swiss"]
[EventRounds "9"]
[EventCountry "ESP"]
[SourceTitle "EXT 2023"]
[Source "ChessBase"]
[SourceDate "2022.10.05"]
[SourceVersion "1"]
[SourceVersionDate "2022.10.05"]
[SourceQuality "1"]

1. e4 c6 2. d4 d5 3. exd5 cxd5 4. Bd3 Nc6 5. c3 Nf6 6. Bf4 g6 7. Nd2 Bg7 8. Ngf3 0-0 9. 0-0 Bf5 10. Qc2 Bxd3 11. Qxd3 e6 12. h3 Ne7 13. Nb3 b6 14. a4 a5 15. Nbd2 Nf5 16. Nb1 Ne4 17. Nfd2 Ned6 18. Na3 Qe7 19. g4 Bh6 20. Bh2 Bxd2 21. Bxd6 Nxd6 22. Qxd2 Qh4 23. Qf4 Ne4 24. Kg2 f5 25. Qe5 Ng5 26. Qg3 Qh6 27. f3 fxg4 28. hxg4 Rf6 29. Rae1 Raf8 30. f4 Ne4 31. Rxe4 dxe4 32. g5 Qh5 33. gxf6 Rxf6 34. Qg5 Qe2+ 35. Rf2 1-0